| 000 | 00442nam a22001577a 4500 | ||
|---|---|---|---|
| 005 | 20180315163802.0 | ||
| 008 | 180315b xxu||||| |||| 00| 0 eng d | ||
| 020 | _a978-0-07-061768-1 | ||
| 041 | _aeng | ||
| 082 | _a658.408 | ||
| 100 |
_aDESHMUKH, L.M. _94193 |
||
| 245 | _aINDUSTRIAL SAFETY MANAGEMENT:hazard identification and risk control | ||
| 260 |
_anew delhi _bTATA McGRAW HILL EDU.PVT.LTD _c2006 |
||
| 300 | _a369p,XIX. | ||
| 942 | _cBK | ||
| 999 |
_c5685 _d5683 |
||